Ariana Grande - Paroles Greedy - Statistiques

Statistiques générales
  • Ce quiz a été pris 36 fois
  • Le résultat moyen est 425 sur 491
Statistiques - réponses
Hint Réponse % Correct
Intro Greedy,
100%
greedy
100%
Post-refrain | Pré-refrain Greedy,
100%
greedy,
100%
greedy?)
100%
I
100%
I'm
100%
I'm)
100%
Bridge Uh
97%
for
97%
know
97%
that
97%
Woo
97%
(Woo)
97%
You
97%
you
97%
(You
97%
a
94%
Ah
94%
(Ah
94%
(Ah)
94%
Ah)
94%
(Ha
94%
ha
94%
love
94%
oh
94%
(Oh
94%
Oh,
94%
(Oh,
94%
(Oh)
94%
ooh
94%
ooh)
94%
(Ooh
94%
ooh,
94%
(Ooh,
94%
(Ooh)
94%
to
90%
Refrain Baby,
87%
baby
87%
baby)
87%
your
87%
got
84%
Got
84%
so
84%
so...
84%
(So)
84%
And
81%
coming
81%
it
81%
never
81%
the
81%
'cause
77%
'Cause
77%
no
77%
no,
77%
tonight
77%
before
74%
Couplet 1 Boy,
74%
(Boy,
74%
by
74%
Don't
74%
don't
74%
lucky,
74%
me
74%
with
74%
best
71%
door
71%
felt
71%
need
71%
feelings
68%
give
68%
in
68%
when
68%
you're
68%
ayy)
65%
Pré-refrain Been
65%
Pré-refrain Been
65%
mind
65%
of
65%
play
65%
say
65%
state
65%
this
65%
ain't
61%
at
61%
call
61%
just
61%
money,
61%
nothing
61%
obsessed
61%
phone
61%
physically
61%
rocking
61%
talking
61%
yeah,
61%
yeah
61%
yeah)
61%
knocking
58%
making
58%
obvious
58%
anymore
55%
get
55%
it's
55%
want
55%
deny
52%
games
52%
way,
52%
over
48%
tell
48%
I'ma
42%
out
42%
night
32%
all
16%
(Hey)
10%
Aucun quiz correspondant
Distribution des résultats
% des personnes avec chaque résultat
Percentile par nombre de réponses
Votre historique - résultats
Vous n’avez pas pris ce quiz